closure lyrics - Statistics

General Stats
  • This quiz has been taken 112 times
  • The average score is 202 of 230
Answer Stats
Lyrics % Correct
I
100%
ya,
100%
you
100%
a
97%
be
97%
don't
97%
Don't
97%
It
97%
it
97%
know
97%
your
97%
Your
97%
closure,
94%
closure
94%
It's
94%
it's
94%
to
94%
and
92%
got
92%
I'm
92%
me
92%
need
92%
that
92%
the
92%
Yes,
92%
better
89%
bone
89%
can
89%
doing
89%
in
89%
just
89%
letter
89%
right,
89%
right
89%
time,
89%
all
86%
been
86%
cut
86%
deep
86%
long
86%
out
86%
over,
86%
over
86%
so
86%
like
83%
my
83%
of
83%
some
83%
now
81%
with
81%
But
78%
candles
78%
handled
78%
needs
78%
new
78%
situation
78%
Guilty,
75%
guilty,
75%
life
75%
treat
75%
between
72%
sea
72%
way
72%
feel
69%
put
69%
wasn't
69%
wrinkle
69%
across
67%
down
67%
friends
67%
name
67%
pain
67%
shape
67%
spite,
67%
unnecessary
67%
fine
64%
iron
64%
nice
64%
spells
64%
Staying
64%
went
64%
Looks
58%
oh
58%
beers,
56%
reaching
53%
smoothing
53%
tears,
53%
would
53%
seeing
50%
still
50%
fake
47%
No matching quizzes found
Score Distribution
Percent of People with Each Score
Percentile by Number Answered
Your Score History
You have not taken this quiz